| 000 | 00527nam a2200169Ia 4500 | ||
|---|---|---|---|
| 999 |
_c11744 _d11744 |
||
| 003 | OSt | ||
| 005 | 20201022132247.0 | ||
| 008 | 190216s9999||||xx |||||||||||||| ||und|| | ||
| 040 | _coclc | ||
| 082 |
_a923.6 _bSPE/W |
||
| 100 |
_aSpencer, John _96074 |
||
| 245 | 0 |
_aWorkers For Humanity / _cJohn Spencer |
|
| 260 |
_bGeorg G Harrap And Co, _c1962. _aLondon: |
||
| 300 | _a128p | ||
| 650 | _aEnglish Stories-English Stories-English Stories-English Stories | ||
| 942 |
_cBK _2ddc _h923.6 _iSPE/W _k923.6 _mSPE/W |
||